000 00523nam a22001697a 4500
005 20251108164747.0
008 250721s1992 xx 000 0 ara d
082 1 4 _a615.89/فير
100 1 _aفيرمونت، جارويس
245 1 0 _aالطب الشعبي و مجالاته /
264 1 _aدمشق :
_bدار علاءالدين،
_c1992.
300 _a96ص
650 1 7 _aالطب الشعبي
710 2 _aلجنة الترجمة في دار علاءالدين
_eترجمة
942 _2ddc
_cBK
999 _c13692
_d13692